00559 2200205 4500001002100000005001500021008004100036020001800077035001900095041000700114082000800121090001400129100002500143700001200168700002800180245006800208260003100276300002800307650001800335INLIS00000000000814920241224113610241224||||||||| | ||| |||| || |  a979-543-064-5 0010-1224008149 aid0 a811 a811 KOM s0 aO. Setiawan Djuharie0 aSuherli0 aTeddy Sutandi Komarudin00aSurat Menyurat Serbaguna Panduan Korespondensi Bahasa Indonesia aBandungbYrama Widyac2001 a20,5x14,5 cm, 126 hlm.; 0aKesusasteraan